A study guide to first aid, safety, and family health emergencies /

Bibliographic Details
Main Author: Annarino, Anthony A.
Other Authors: Kahms, Frederick W.
Format: Book
Language:English
Published: Minneapolis : Burgess, [1979]
Subjects:

MARC

Tag First Indicator Second Indicator Subfields
LEADER 00000cam a2200000 a 4500
001 in00000636708
005 20151015052938.0
008 801113s1979 mnu b 00010 engmd
020 |a 0808700634 
035 |a (OCoLC)06934312 
035 |9 ACU3563AM 
040 |a VRC  |c VRC  |d m.c.  |d TXA  |d UtOrBLW 
049 |a TXAM  |c [1500682] 
090 |a RC87  |b .A58 1979 
100 1 |a Annarino, Anthony A. 
245 1 2 |a A study guide to first aid, safety, and family health emergencies /  |c Anthony A. Annarino, Frederick W. Kahms. 
264 1 |a Minneapolis :  |b Burgess,  |c [1979] 
264 4 |c ©1979 
300 |a vi, 150 pages ;  |c 28 cm. 
336 |a text  |b txt  |2 rdacontent 
337 |a unmediated  |b n  |2 rdamedia 
338 |a volume  |b nc  |2 rdacarrier 
504 |a Bibliography: page 150. 
650 0 |a First aid in illness and injury. 
700 1 |a Kahms, Frederick W. 
999 |a MARS 
999 f f |s 3c3ec54a-b76e-353f-9748-7ab564157a8e  |i b4148f84-1c13-3f2c-a380-cc8dc5dda363  |t 0 
952 f f |p normal  |a Texas A&M University  |b College Station  |c Sterling C. Evans Library  |d Evans: Library Stacks  |t 0  |e RC87 .A58 1979  |h Library of Congress classification  |i unmediated -- volume  |m A14805089577 
998 f f |a RC87 .A58 1979  |t 0  |l Evans: Library Stacks